banner koha

Koberwitz, pentecostes 1924 - Rudolf Steiner e o curso de agricultura (Registro n. 329297)

MARC details
000 -LÍDER
Campo de controle fixo 00925nam a22003137a 4500
001 - NÚMERO DE CONTROLE
Número de controle BR2017002521
003 - CÓDIGO MARC DA AGÊNCIA CATALOGADORA
Campo de controle BR-BrBNA
005 - DATA E HORA DA ÚLTIMA ATUALIZAÇÃO
Campo de controle 20241220153902.0
008 - CAMPO DE TAMANHO FIXO
Campo fixo de controle 241216b bl.||||| |||| 00| 0 por d
020 ## - ISBN - INTERNATIONAL STANDARD BOOK NUMBER
ISBN 978-85-7474-963-1
040 ## - FONTE DA CATALOGAÇÃO
Agência catalogadora BR-BrBNA
Idioma da catalogação por
041 ## - CÓDIGO DO IDIOMA
Código do Idioma por
072 ## - CATEGORIA AGRIS
Código da categoria de assunto/objeto <a href="A01 ; B50 ; P01">A01 ; B50 ; P01</a>
090 ## - NÚMERO DE CHAMADA
Localização na estante A01 BR2017002521
Código BR 2024-8502
100 0# - ENTRADA PRINCIPAL - NOME PESSOAL
Nome pessoal Selg, Peter
110 ## - ENTRADA PRINCIPAL - ENTIDADE
Nome da entidade ou lugar Associação de Agricultura Biodinâmica do Sul, Florianópolis, SC (Brasil)
245 ## - TÍTULO PRINCIPAL
Título principal Koberwitz, pentecostes 1924 - Rudolf Steiner e o curso de agricultura
260 ## - IMPRENTA (PUBLICAÇÃO, DISTRIBUIÇÃO, ETC.)
Lugar de publicação, distribuição, etc. Florianópolis, SC (Brasil)
Nome do editor, distribuidor, etc. Insular
Data de publicação, distribuição, etc 2016
300 ## - DESCRIÇÃO FÍSICA
Extensão 232 p.
Detalhes físicos adicionais il.
500 ## - NOTA GERAL
Notas gerais 9 ref.; 9 illus.
650 ## - ASSUNTO - THESAGRO
Cabeçalho tópico ou nome geográfico AGRICULTURA BIODINÂMICA
650 ## - ASSUNTO - THESAGRO
Cabeçalho tópico ou nome geográfico CURSO
650 ## - ASSUNTO - THESAGRO
Cabeçalho tópico ou nome geográfico HISTÓRIA
650 ## - ASSUNTO - THESAGRO
Cabeçalho tópico ou nome geográfico PROTEÇÃO AMBIENTAL
650 ## - ASSUNTO - THESAGRO
Cabeçalho tópico ou nome geográfico PRESERVAÇÃO DA NATUREZA
650 ## - ASSUNTO - THESAGRO
Cabeçalho tópico ou nome geográfico SUSTENTABILIDADE
909 ## - IDENTIFICAÇÃO DO CATALOGADOR
Ano e mês da catalogação (aaaamm) 202412
Identificação do catalogador Fernando
942 ## - TIPO ESPECÍFICO
Tipo de material Livros
952 ## - LOCATION AND ITEM INFORMATION (KOHA)
-- 2024-12-16
Exemplares
Status de empréstimo Fonte de classificação Status de danificação Não pode ser emprestado Código da coleção Localização permanente Localização atual Localização na estante Total Checkouts Número de chamada Código de barras Tipo de material
  Classificação AGRIS     Agrobase Biblioteca Nacional de Agricultura - Binagri Biblioteca Nacional de Agricultura - Binagri Agrobase - Acervo Geral   A01 BR2017002521 2024-8502 Livros

BINAGRI

Telefone: (61)3218-2567/2388/3357/2097 - binagri@agro.gov.br

Ministério da Agricultura e Pecuária , Esplanada dos Ministérios, Bloco D, Anexo B, Brasília/DF, CEP: 70.043-900